| 000 | 00622nam a2200229Ia 4500 | ||
|---|---|---|---|
| 008 | 161112s9999 xx 000 0 und d | ||
| 020 | _a978-1-84430-146-1 | ||
| 050 | _aCUL TX 819.M26 | ||
| 050 | _b.G37 2004 | ||
| 100 | _aGarcia, Marie-Victoire. | ||
| 245 | 0 | _aMarinades / | |
| 245 | 0 | _cMarie-Victoire Garcia; photogpraphs by Akiko Ida; styling by Laura Zavan. | |
| 260 | _aUnited Kingdom : | ||
| 260 | _bHachette illustrated, | ||
| 260 | _c2004 | ||
| 300 | _a62 pages : | ||
| 300 | _bcolor illustrations ; | ||
| 300 | _c20 cm. | ||
| 440 | _aWith friends. | ||
| 650 | _aMarinades. | ||
| 650 | _xCooking. | ||
| 999 |
_c305207 _d305207 |
||